|
|
|
|
| LEADER |
02773nam a22005655i 4500 |
| 001 |
978-3-662-43886-2 |
| 003 |
DE-He213 |
| 005 |
20151030041301.0 |
| 007 |
cr nn 008mamaa |
| 008 |
140708s2014 gw | s |||| 0|eng d |
| 020 |
|
|
|a 9783662438862
|9 978-3-662-43886-2
|
| 024 |
7 |
|
|a 10.1007/978-3-662-43886-2
|2 doi
|
| 040 |
|
|
|d GrThAP
|
| 050 |
|
4 |
|a QA76.9.A25
|
| 072 |
|
7 |
|a URY
|2 bicssc
|
| 072 |
|
7 |
|a COM053000
|2 bisacsh
|
| 082 |
0 |
4 |
|a 005.82
|2 23
|
| 245 |
1 |
0 |
|a Digital-Forensics and Watermarking
|h [electronic resource] :
|b 12th International Workshop, IWDW 2013, Auckland, New Zealand, October 1-4, 2013. Revised Selected Papers /
|c edited by Yun Qing Shi, Hyoung-Joong Kim, Fernando Pérez-González.
|
| 264 |
|
1 |
|a Berlin, Heidelberg :
|b Springer Berlin Heidelberg :
|b Imprint: Springer,
|c 2014.
|
| 300 |
|
|
|a XVI, 530 p. 239 illus.
|b online resource.
|
| 336 |
|
|
|a text
|b txt
|2 rdacontent
|
| 337 |
|
|
|a computer
|b c
|2 rdamedia
|
| 338 |
|
|
|a online resource
|b cr
|2 rdacarrier
|
| 347 |
|
|
|a text file
|b PDF
|2 rda
|
| 490 |
1 |
|
|a Lecture Notes in Computer Science,
|x 0302-9743 ;
|v 8389
|
| 505 |
0 |
|
|a Steganography -- Steganalysis -- Visual cryptography -- Reversible data hiding -- Forensics -- Watermarking -- Anonymizing and plate recognition.
|
| 520 |
|
|
|a This book constitutes the thoroughly refereed post-proceedings of the 12th International Workshop on Digital-Forensics and Watermarking, IWDW 2013, held in Auckland, New Zealand, during October 2013. The 24 full and 13 poster papers, presented together with 2 abstracts, were carefully reviewed and selected from 55 submissions. The papers are organized in topical sections on steganography and steganalysis; visual cryptography; reversible data hiding; forensics; watermarking; anonymizing and plate recognition.
|
| 650 |
|
0 |
|a Computer science.
|
| 650 |
|
0 |
|a Computer security.
|
| 650 |
|
0 |
|a Data encryption (Computer science).
|
| 650 |
|
0 |
|a Coding theory.
|
| 650 |
|
0 |
|a Computer graphics.
|
| 650 |
|
0 |
|a Computers and civilization.
|
| 650 |
1 |
4 |
|a Computer Science.
|
| 650 |
2 |
4 |
|a Data Encryption.
|
| 650 |
2 |
4 |
|a Systems and Data Security.
|
| 650 |
2 |
4 |
|a Computer Imaging, Vision, Pattern Recognition and Graphics.
|
| 650 |
2 |
4 |
|a Computers and Society.
|
| 650 |
2 |
4 |
|a Coding and Information Theory.
|
| 700 |
1 |
|
|a Shi, Yun Qing.
|e editor.
|
| 700 |
1 |
|
|a Kim, Hyoung-Joong.
|e editor.
|
| 700 |
1 |
|
|a Pérez-González, Fernando.
|e editor.
|
| 710 |
2 |
|
|a SpringerLink (Online service)
|
| 773 |
0 |
|
|t Springer eBooks
|
| 776 |
0 |
8 |
|i Printed edition:
|z 9783662438855
|
| 830 |
|
0 |
|a Lecture Notes in Computer Science,
|x 0302-9743 ;
|v 8389
|
| 856 |
4 |
0 |
|u http://dx.doi.org/10.1007/978-3-662-43886-2
|z Full Text via HEAL-Link
|
| 912 |
|
|
|a ZDB-2-SCS
|
| 912 |
|
|
|a ZDB-2-LNC
|
| 950 |
|
|
|a Computer Science (Springer-11645)
|